02396njm a2200361Ia 450000100060000000300090000600500170001500800410003204000130007304000130008610000110009910000180011010000380012824500110016625000110017726000090018826000630019730000170026050000390027750504410031665000550075770000760081270000800088870000880096870001570105670001240121370001630133770001070150070001090160770001030171670001200181970000950193926560IT-RoPAU20220918181132.0131025s9999 xx 000 0 und d aIT-RoPAU cIT-RoPAU aAA.VV. eAutore musica gCodice autore musica SPICS: 12000 aS.O.S. a1a ed. aROMA bSPICS RECORDSc1985 [1a Ed.:1972 - Ed. Lingua Orig.: 1972] aMUSICASSETTA aMusica strumentale. Arrangiamento. aMinuetto - Adagio in sol min - Amadeus and the Banjo From 40Th Symphony - Save Our Souls From Jesus Joy of Man's Desiring - Magpie's Bagpipes From the Thieving Magpie - Fantasy Land From New World Symphony - Waterloo's Stamp From 5 Symphony - And the Shoes Fits. Ouv. From La Cenerentola - Grass Machine From La Primavera - Analising Three From Eine Kleine Nachmusik - Senn Thru the Ears of the Allelujah Chorus - Night On Bare Mountain aSTRUMENTALE [CASSETTE]eCodice MATERIA SPICS: 9951 aMimms TonygCodice autore e interprete SPICS: 9968eAutore e interprete aBoccherini LuigigCodice autore musica SPICS: 7898eAutore musicapMinuetto aAlbinoni TomasogCodice autore musica SPICS: 7834eAutore musicapAdagio in sol min aMozart Wolfgang AmadeusgCodice autore musica SPICS: 3486eAutore musicapCodice autore musica SPICS: 3486 - Analising Three From Eine Kleine Nachmusik aBach Johann SebastiangCodice autore musica SPICS: 9695eAutore musicapSave Our Souls From Jesus Joy of Man's Desiring aRossini GioachinogCodice autore musica SPICS: 11125eAutore musicapMagpie's Bagpipes From the Thieving Magpie - And the Shoes Fits. Ouv. From La Cenerentola aDvorak AntoningCodice autore musica SPICS: 10772eAutore musicapFantasy Land From New World Symphony aBeethoven Ludwig VangCodice autore musica SPICS: 10721eAutore musicapWaterloo's Stamp From 5 Symphony aVivaldi AntoniogCodice autore musica SPICS: 11195eAutore musicapGrass Machine From La Primavera aHandel Georg FriedrichgCodice autore musica SPICS: 5619eAutore musicapSenn Thru the Ears of the Allelujah Chorus aMusorgskij ModestgCodice autore musica SPICS: 3431eAutore musicapNight On Bare Mountain